|
|
|
|
| LEADER |
00000naa2a2200000 4500 |
| 001 |
671030 |
| 005 |
20240312154428.0 |
| 090 |
|
|
|a 671030
|
| 100 |
|
|
|a 20240301d2023 k||y0rusy50 ba
|
| 101 |
0 |
|
|a eng
|
| 102 |
|
|
|a RU
|
| 135 |
|
|
|a drcn ---uucaa
|
| 200 |
1 |
|
|a Effect of power excursion on the thermal characteristics of VVER-1200 reactor
|f C. J. Odii, A. G. Korotkikh
|g sci. adv. A. G. Korotkikh ; National Research Tomsk Polytechnic University
|
| 225 |
|
|
|a Производство тепловой и электрической энергии
|
| 283 |
|
|
|2 RDAcarrier
|
| 320 |
|
|
|a References: p. 264
|
| 330 |
|
|
|a This work involved performing a thermal hydraulics calculation on VVER-1200 reactor. In this calculation, the thermal power of the reactor was varied in steps from 100 to 180 % power to determine its influence on the thermal-hydraulics parameters, especially the points of onset of nucleate boiling (ONB) and the onset of significant void (OSV) which is also referred to as point of net vapor generation (NVG). The exit coolant temperature, predicted coolant temperature at ONB, predicted coolant temperature at OSV, maximum heat flux, variation of linear heat generation rate along the heat channel, minimum point of critical heat flux (CHF) and the corresponding minimum departure from nucleate boiling ratio (MDNBR) were all noted for each power step. The result showed that at about 130 % power, the descending predicted coolant temperature at ONB crossed below the ascending exit coolant temperature, indicating an ONB, furthermore, at about 165 % power, the descending predicted coolant temperature at OSV crossed below the ascending exit coolant temperature, indicating an OSV. In this calculation, there were no variation in any other parameter of the reactor and the inlet enthalpy remained constant throughout the step variation of power.
|
| 336 |
|
|
|a Текстовый файл
|
| 463 |
|
1 |
|0 670860
|9 670860
|c Томск
|d 2023
|n Изд-во ТПУ
|o сборник статей III Всероссийской с международным участием молодёжной конференции, 12-14 декабря 2023 г., Томск
|p 1 файл (49,5 Мб, 606 с.)
|t Бутаковские чтения
|a Ивашутенко, А. С. (специалист в области электротехники ; 1981-)
|u conference_tpu-2023-C133.pdf
|v С. 261-264
|
| 610 |
1 |
|
|a труды учёных ТПУ
|
| 610 |
1 |
|
|a электронный ресурс
|
| 700 |
|
1 |
|a Odii
|b C. J.
|
| 701 |
|
1 |
|a Korotkikh
|b A. G.
|c specialist in the field of power engineering
|c Professor of Tomsk Polytechnic University, Doctor of Physical and Mathematical Sciences
|f 1976-
|g Aleksandr Gennadievich
|9 18113
|
| 702 |
|
1 |
|a Korotkikh
|b A. G.
|c specialist in the field of power engineering
|c Professor of Tomsk Polytechnic University, Doctor of Physical and Mathematical Sciences
|f 1976-
|g Aleksandr Gennadievich
|4 727
|
| 712 |
0 |
2 |
|a Национальный исследовательский Томский политехнический университет
|c (2009- )
|9 26305
|
| 801 |
|
0 |
|a RU
|b 63413507
|c 20240301
|
| 850 |
|
|
|a 63413507
|
| 856 |
|
|
|u https://earchive.tpu.ru/handle/11683/77634
|z https://earchive.tpu.ru/handle/11683/77634
|
| 942 |
|
|
|c CF
|